Active filter design handbook : (Record no. 175743)

000 -LEADER
fixed length control field 00914 a2200205 4500
003 - CONTROL NUMBER IDENTIFIER
control field Nust
005 - DATE AND TIME OF LATEST TRANSACTION
control field 20220815120049.0
010 ## - LIBRARY OF CONGRESS CONTROL NUMBER
LC control number 80040845
020 ## - INTERNATIONAL STANDARD BOOK NUMBER
International Standard Book Number 0471278505
040 ## - CATALOGING SOURCE
Transcribing agency Nust
082 00 - DEWEY DECIMAL CLASSIFICATION NUMBER
Classification number 621.381532,MOS
100 1# - MAIN ENTRY--PERSONAL NAME
Personal name Moschytz, George S.
9 (RLIN) 97162
245 10 - TITLE STATEMENT
Title Active filter design handbook :
Remainder of title for use with programmable pocket calculators and minicomputers /
Statement of responsibility, etc. G.S. Moschytz and P. Horn.
260 ## - PUBLICATION, DISTRIBUTION, ETC.
Place of publication, distribution, etc. Chichester
-- New York :
Name of publisher, distributor, etc. J. Wiley,
Date of publication, distribution, etc. c1981.
300 ## - PHYSICAL DESCRIPTION
Extent viii, 316 p. :
Other physical details ill. ;
Dimensions 26 cm.
505 ## - FORMATTED CONTENTS NOTE
Formatted contents note Introduction (Page-1), Frequency Response and Transfer Function (Page-5), Sensitivity and Figure of Merit (Page-29), Design Equation and Flow Charts (Page-35),Tuning Active Filters (Page-86), Designing in Order Active Filters (Page-116), Practical Hints for Active filters Design (Page-171),
650 #0 - SUBJECT ADDED ENTRY--TOPICAL TERM
Topical term or geographic name entry element Telecommunication Engineering.
700 1# - ADDED ENTRY--PERSONAL NAME
Personal name Horn, P.
9 (RLIN) 97163
942 ## - ADDED ENTRY ELEMENTS (KOHA)
Koha item type Reference
Source of classification or shelving scheme
Holdings
Withdrawn status Lost status Source of classification or shelving scheme Damaged status Not for loan Permanent Location Current Location Shelving location Date acquired Full call number Barcode Date last seen Price effective from Koha item type Public note
          Military College of Signals (MCS) Military College of Signals (MCS) Reference 12/12/2016 621.381532,MOS MCS5568 12/08/2016 12/12/2016 Reference Almirah No.21, Shelf No.5
© 2023 Central Library, National University of Sciences and Technology. All Rights Reserved.